00317nam a2200133Ia 450000500170000000800410001702000150005808200130007310000180008624500230010426000330012730000130016065000100017320250411062744.0240331s9999 xx 000 0 und d a9552090385 bNANa891 aNandamithra,N 0aGanthera theraniya aColombobGodake & Sonsc2006 a144 p ., aNovel